مكتبة جامعة عجلون الوطنية

فهرس بحث المكتبة

Normal view MARC view
  • افريقيا-تاريخ-العصر الاسلامي

Entry Topical Term

Number of records used in: 1

001 - CONTROL NUMBER

  • control field: 61883

003 - CONTROL NUMBER IDENTIFIER

  • control field: JO-AjAnu

005 - DATE AND TIME OF LATEST TRANSACTION

  • control field: 20230606084117.0

008 - FIXED-LENGTH DATA ELEMENTS

  • fixed length control field: 230606|| aca||aabn | a|a d

040 ## - CATALOGING SOURCE

  • Original cataloging agency: JO-AjAnu
  • Transcribing agency: JO-AjAnu

150 ## - HEADING--TOPICAL TERM

  • Topical term or geographic name entry element: افريقيا-تاريخ-العصر الاسلامي

670 ## - SOURCE DATA FOUND

  • Source citation: Work cat.: (JO-AjAnu)31562: تأليف الخويلدي، محمد علي عمر, author 61882, التأثير الحضاري العربي الاسلامي في شرق افريقيا من القرن الخامس الهجري حتى السابع 424-656هـ/1129-1258م: (دراسة في الاحوال الجغرافية وعوامل انتشار الاسلام والتأثيرات الدينية والثقافية والاجتماعية)